Größte Städte Mitteleuropa - Statistiken

Allgemein
  • Dieses Quiz wurde 56 mal gespielt
  • Das Durchschnittsergebnis liegt bei 19 aus 25
Antwortstatistiken
Einwohner Antwort % Korrekt
3.685.000 Berlin
100%
1.863.000 Hamburg
98%
1.505.000 München
96%
2.028.000 Wien
96%
1.025.000 Köln
94%
756.000 Frankfurt am Main
92%
1.301.000 Prag
92%
1.862.000 Warschau
90%
619.000 Düsseldorf
88%
565.000 Dresden
84%
612.000 Leipzig
82%
586.000 Bremen
80%
1.752.000 Budapest
80%
603.000 Dortmund
80%
613.000 Stuttgart
80%
558.000 Hannover
78%
530.000 Nürnberg
76%
575.000 Essen
71%
806.000 Krakau
69%
479.000 Bratislava
65%
487.000 Danzig
59%
502.000 Duisburg
57%
652.000 Łódź
43%
674.000 Breslau
41%
538.000 Posen
29%
Keine übereinstimmenden Quizze gefunden
Verteilung der Resultate
Anzahl Personen mit jedem Resultat
Perzentil nach korrekt beantworteten Fragen
Ihre Resultats-Entwicklung
Sie haben dieses Quiz noch nicht gespielt